Overview of the Determinants of Government Size: Evidence from the Literature

Identifikovanie a určenie rôznych determinantov veľkosti vlády prostredníctvom preskúmania predtým publikovaných empirických štúdií. Poskytnutie komplexného prehľadu determinantov veľkosti vlády, kvantifikovaných príjmovou metódou z rôznych perspektív. Poukazovanie, že ekonomická vyspelosť skúmaných...

Ausführliche Beschreibung

Gespeichert in:
Bibliographische Detailangaben
1. Verfasser: Petrenko, Yuliya, 1985-
Weitere Verfasser: Boór, Matej, 1988-
Format: Buchkapitel
Sprache:Englisch
Schlagworte:
Tags: Tag hinzufügen
Keine Tags, Fügen Sie das erste Tag hinzu!

MARC

LEADER 00000naa$a2200000$$$4500
001 0313412
005 20251201130435.5
041 0 |a eng 
044 |a TR 
245 1 0 |a Overview of the Determinants of Government Size: Evidence from the Literature  |c Yuliya Petrenko, Matej Boór 
520 |a Identifikovanie a určenie rôznych determinantov veľkosti vlády prostredníctvom preskúmania predtým publikovaných empirických štúdií. Poskytnutie komplexného prehľadu determinantov veľkosti vlády, kvantifikovaných príjmovou metódou z rôznych perspektív. Poukazovanie, že ekonomická vyspelosť skúmaných krajín a časové obdobie určujú vplyv a smerovanie rôznych faktorov. 
610 2 0 |a vláda 
610 2 0 |a dane 
610 2 0 |a príjmy 
610 2 0 |a produkt národný hrubý 
610 2 0 |a štúdie 
100 1 |a Petrenko, Yuliya, 1985- 
700 1 |a Boór, Matej, 1988-